[Event "MMaS_2014_FIDE"]
[Site "?"]
[Date "2014.10.28"]
[Round "8.13"]
[White "Neumann, Filip"]
[Black "Richterova, Natasa"]
[Result "1-0"]
[WhiteElo "1509"]
[BlackElo "1171"]
[PlyCount "89"]
[EventDate "2014.10.25"]

1. e4 d5 2. exd5 Qxd5 3. Nc3 Qd6 4. Bc4 Be6 5. Bxe6 Qxe6+ 6. Qe2 Qxe2+ 7. Ngxe2
c6 8. d4 e6 9. Bf4 Bb4 10. O-O-O Ne7 11. a3 Ba5 12. Ne4 O-O 13. Bd6 Re8 14. b4
Bd8 15. Be5 Nd7 16. Nd6 Nxe5 17. dxe5 Rf8 18. Nxb7 Bb6 19. f4 Rab8 20. Nd6 Nd5
21. Nc4 Be3+ 22. Nxe3 Nxe3 23. Rd6 Rbc8 24. g3 Nc4 25. Rd3 Rfd8 26. Rhd1 Rd5
27. a4 Rcd8 28. Nc3 Rxd3 29. Rxd3 Rxd3 30. cxd3 Nb6 31. a5 Nc8 32. Kd2 a6 33.
Ne2 Kf8 34. Nd4 Na7 35. Kc3 Ke8 36. Kc4 Kd7 37. Kc5 Kc7 38. h3 g6 39. g4 h6 40.
g5 h5 41. h4 Nb5 42. Nxb5+ cxb5 43. d4 Kb7 44. Kd6 Kc8 45. Kc6 1-0

[Event "MMaS_2014_U10"]
[Site "?"]
[Date "2014.10.28"]
[Round "7.1"]
[White "Frank, Adam"]
[Black "Vantuch, Lucian"]
[Result "0-1"]
[WhiteElo "1510"]
[BlackElo "1614"]
[PlyCount "55"]
[EventDate "2014.??.??"]

1. e4 c5 2. Nf3 d6 3. d4 cxd4 4. Nxd4 Nf6 5. Nc3 g6 6. Be2 Bg7 7. f4 O-O 8. g4
Nxg4 9. Bxg4 Bxg4 10. Qxg4 Bxd4 11. Bd2 Nc6 12. O-O-O Rc8 13. h4 Nb4 14. a3 Qa5
15. h5 Bxc3 16. Bxc3 Na2+ 17. Kd2 Nxc3 18. bxc3 Qxc3+ 19. Ke2 Qxc2+ 20. Kf1
Qxe4 21. hxg6 Qxh1+ 22. Kf2 Qh2+ 23. Kf1 hxg6 24. f5 Rc2 25. Qf3 Kg7 26. f6+
exf6 27. a4 Rh8 28. Ra1 0-1

[Event "MMaS_2014_U10"]
[Site "?"]
[Date "2014.10.28"]
[Round "7.2"]
[White "Kolar, Jan"]
[Black "Blaha, Lukas"]
[Result "1-0"]
[WhiteElo "1274"]
[BlackElo "1113"]
[PlyCount "117"]
[EventDate "2014.??.??"]

1. e4 e5 2. Nf3 Nc6 3. Bc4 Bc5 4. d3 d6 5. h3 h6 6. Nc3 Nf6 7. O-O O-O 8. Bd2
Be6 9. Bb3 Qe7 10. Qc1 Bd4 11. Ne2 Rfe8 12. c3 Bxb3 13. axb3 Bb6 14. b4 d5 15.
Ng3 Rad8 16. Nf5 Qd7 17. Bxh6 g6 18. Ng3 d4 19. Rd1 dxc3 20. bxc3 a6 21. Bg5
Qe6 22. Bxf6 Qxf6 23. Qh6 Rd6 24. Qg5 Qg7 25. Rab1 Red8 26. Ne1 Rf6 27. Nf3 a5
28. bxa5 Nxa5 29. Qxe5 Nc6 30. Qg5 Ra8 31. Ra1 Rxa1 32. Rxa1 Ba7 33. d4 Bb8 34.
d5 Na7 35. e5 Rb6 36. Qd8+ Kh7 37. Qxb8 Nb5 38. Qe8 Nxc3 39. Ng5+ Kh6 40. Nxf7+
Kh7 41. Ng5+ Kh6 42. Nf7+ Kh7 43. d6 cxd6 44. Nxd6 Rb5 45. Nxb5 Nxb5 46. Qxb5
g5 47. Qd3+ Kg8 48. Ra8+ Kf7 49. Qd7+ Kg6 50. Qxg7+ Kxg7 51. Ra7 Kg6 52. Rxb7
Kh6 53. Rb6+ Kg7 54. f3 g4 55. fxg4 Kh7 56. Kf2 Kg7 57. Kf3 Kf7 58. Kf4 Ke7 59.
Kf5 1-0

[Event "MMaS_2014_U10"]
[Site "?"]
[Date "2014.10.28"]
[Round "7.3"]
[White "Faja, Vilem"]
[Black "Babula, Vlastimil"]
[Result "0-1"]
[WhiteElo "1386"]
[BlackElo "1238"]
[PlyCount "48"]
[EventDate "2014.10.25"]

1. d4 d5 2. c4 e6 3. Nc3 Nf6 4. Bg5 Be7 5. Nf3 O-O 6. e3 b6 7. Bd3 Bb7 8. O-O
Nbd7 9. Rc1 Ne4 10. Bxe7 Qxe7 11. cxd5 exd5 12. Nb5 c5 13. Bxe4 dxe4 14. Ne1
Rfc8 15. d5 Qe5 16. Nc3 Ba6 17. f4 Qe7 18. Rf2 Nf6 19. g3 Rd8 20. Ng2 Qd7 21.
Rd2 Bd3 22. Ne1 Bc4 23. Qc2 Qh3 24. Nxe4 Qf1# 0-1

[Event "MMaS_2014_U10"]
[Site "?"]
[Date "2014.10.28"]
[Round "7.4"]
[White "Richter, Rudolf"]
[Black "Nezval, Filip"]
[Result "1-0"]
[WhiteElo "1108"]
[BlackElo "1099"]
[PlyCount "83"]
[EventDate "2014.10.25"]

1. e4 c5 2. Nf3 d6 3. Bc4 Nf6 4. Nc3 Nc6 5. d3 g6 6. O-O Bg7 7. Be3 O-O 8. h3
e6 9. d4 cxd4 10. Bxd4 Nxd4 11. Nxd4 d5 12. exd5 exd5 13. Bd3 Re8 14. Re1 Bd7
15. Qf3 Qc8 16. Nxd5 Nxd5 17. Qxd5 Bxh3 18. Rxe8+ Qxe8 19. gxh3 Rd8 20. Bb5
Rxd5 21. Bxe8 Rxd4 22. c3 Rd2 23. Rb1 a5 24. Kf1 Rd3 25. Kg2 Kf8 26. Bb5 Be5
27. Bxd3 b6 28. Re1 Bf6 29. Bb5 Be7 30. Re4 f5 31. Re6 Kf7 32. Rxb6 a4 33. Bxa4
h5 34. Bb3+ Ke8 35. a4 g5 36. a5 g4 37. a6 gxh3+ 38. Kxh3 h4 39. a7 f4 40.
a8=Q+ Kd7 41. Qc6+ Kd8 42. Rb8# 1-0

[Event "MMaS_2014_U10"]
[Site "?"]
[Date "2014.10.28"]
[Round "7.5"]
[White "Fizer, Marek"]
[Black "Fikejs, Tomas"]
[Result "0-1"]
[WhiteElo "1135"]
[BlackElo "1112"]
[Annotator "Doe,John"]
[PlyCount "74"]
[EventDate "2014.10.25"]

1. e4 c5 2. Nf3 d6 3. d4 cxd4 4. Nxd4 Nf6 5. Nc3 g6 6. Bc4 Bg7 7. O-O O-O 8.
Be3 Ng4 9. Bg5 Ne5 10. Nd5 f6 11. Nxe7+ Kh8 12. f4 Nxc4 13. Nd5 fxg5 14. Qd3
Nxb2 15. Qd2 Nc4 16. Qc3 Nb6 17. Nc7 Bg4 18. Qd2 Qxc7 19. fxg5 Na6 20. h3 Qc5
21. c3 Nc4 22. Qd3 d5 23. Rxf8+ Rxf8 24. hxg4 dxe4 25. Qxe4 Qe5 26. Qd3 Nb2 27.
Qc2 Qe3+ 28. Kh1 Bxd4 29. cxd4 Qxd4 30. Re1 Rf2 31. Qc8+ Kg7 32. Re7+ Rf7 33.
Re1 Qd5 34. Qc3+ Kg8 35. Re8+ Rf8 36. Re5 Qd1+ 37. Kh2 Nd3 {
Ve 38. tahu bili hrac zahral De2 a partie pokracovala i s timto nemoznym tahem.
} 0-1

[Event "MMaS_2014_U10"]
[Site "?"]
[Date "2014.10.28"]
[Round "7.6"]
[White "Ruzickova, Ema"]
[Black "Nedela, Adam"]
[Result "0-1"]
[WhiteElo "1094"]
[BlackElo "1122"]
[PlyCount "39"]
[EventDate "2014.10.25"]

1. e4 c5 2. Nf3 Nc6 3. d4 cxd4 4. Nxd4 g6 5. Nc3 Bg7 6. Be3 Nf6 7. Bc4 O-O 8.
f3 Qb6 9. Bb3 e5 10. Nf5 Qc7 11. Nxg7 Kxg7 12. Qd2 Kg8 13. O-O-O Rd8 14. Bg5
Kg7 15. Nd5 Qd6 16. Bxf6+ Kf8 17. Qh6+ Ke8 18. Qxh7 Nb4 19. Nc7+ Kf8 20. Qg7#
0-1

[Event "MMaS_2014_U10"]
[Site "?"]
[Date "2014.10.28"]
[Round "7.7"]
[White "Broz, Jan"]
[Black "Habinova, Alice"]
[Result "0-1"]
[WhiteElo "1000"]
[BlackElo "1124"]
[Annotator "Doe,John"]
[PlyCount "30"]
[EventDate "2014.10.25"]

1. e4 e5 2. Nf3 Nc6 3. Bc4 Nf6 4. Ng5 d5 5. exd5 Na5 6. d3 Nxd5 7. O-O Nc6 8.
Re1 Be7 9. Nf3 Qd6 10. Nc3 Nxc3 11. bxc3 O-O 12. d4 Bf6 13. Bb2 Rd8 14. d5 Na5
15. Bb3 Nxb3 {Neèitelný zápis.} 0-1

[Event "MMaS_2014_U10"]
[Site "?"]
[Date "2014.10.28"]
[Round "7.8"]
[White "Vankova, Marie"]
[Black "Gres, Michal"]
[Result "1/2-1/2"]
[WhiteElo "1000"]
[BlackElo "1092"]
[PlyCount "74"]
[EventDate "2014.10.25"]

1. e4 e5 2. Nf3 Nc6 3. Nc3 Nf6 4. Bc4 Bc5 5. d3 O-O 6. Bg5 d6 7. O-O Bg4 8. h3
Be6 9. Bxe6 fxe6 10. Re1 Re8 11. a3 d5 12. exd5 exd5 13. b4 Bb6 14. b5 Ba5 15.
bxc6 Bxc3 16. cxb7 Rb8 17. Qb1 Bxe1 18. Nxe1 h6 19. Bxf6 Qxf6 20. Qb5 Qd6 21.
c4 c6 22. Qa6 Re7 23. Rb1 Qc7 24. cxd5 cxd5 25. Qxa7 Rxb7 26. Rxb7 Qxb7 27. Qa5
Rd7 28. Nf3 Qb1+ 29. Kh2 Qxd3 30. Nxe5 Qf5 31. Nxd7 Qf4+ 32. g3 Qxf2+ 33. Kh1
Qf1+ 34. Kh2 Qf2+ 35. Kh1 Qf1+ 36. Kh2 Qf2+ 37. Kh1 Qf1+ 1/2-1/2

[Event "MMaS_2014_U10"]
[Site "?"]
[Date "2014.10.28"]
[Round "7.9"]
[White "Vasinek, Martin"]
[Black "Vavra, Jan  "]
[Result "0-1"]
[WhiteElo "1083"]
[BlackElo "1440"]
[PlyCount "38"]
[EventDate "2014.10.25"]

1. d4 d5 2. Nf3 Nc6 3. Bf4 Bg4 4. e3 e6 5. Nc3 Bb4 6. a3 Ba5 7. Bb5 Nf6 8. h3
Bh5 9. g4 Bg6 10. Qd2 Ne4 11. Bxc6+ bxc6 12. Bg5 Qc8 13. Qe2 Nxc3 14. bxc3
Bxc3+ 15. Kf1 Bxa1 16. Ne5 Be4 17. f3 f6 18. fxe4 fxg5 19. Qf3 Rf8 0-1

[Event "MMaS_2014_U10"]
[Site "?"]
[Date "2014.10.28"]
[Round "7.10"]
[White "Londin, Lukas Vojtech"]
[Black "Vecera, Dominik"]
[Result "0-1"]
[WhiteElo "1060"]
[BlackElo "1287"]
[PlyCount "114"]
[EventDate "2014.10.25"]

1. d4 d5 2. c4 e6 3. c5 c6 4. Nf3 Nf6 5. Bg5 Nbd7 6. Nc3 Be7 7. e3 O-O 8. Bd3
Nh5 9. Bxe7 Qxe7 10. O-O g6 11. e4 dxe4 12. Nxe4 Ndf6 13. Nd6 Ng7 14. Qd2 Nge8
15. Qg5 Kg7 16. Qf4 Nd5 17. Qe5+ f6 18. Nxe8+ Qxe8 19. Qg3 Qf7 20. Rfe1 h5 21.
Nh4 g5 22. Nf3 Rg8 23. h4 g4 24. Nh2 Kf8 25. Qd6+ Qe7 26. Qg3 Qf7 27. Nf1 f5
28. Qe5 Qg7 29. Qd6+ Qe7 30. Qe5 Qg7 31. Qxg7+ Rxg7 32. Ne3 Nf4 33. Bc4 Ng6 34.
Nf1 Re7 35. Re2 Nxh4 36. Rae1 Kf7 37. Nh2 Kf6 38. f3 g3 39. Nf1 f4 40. Re4 Ng6
41. Nd2 Bd7 42. R4e2 Rae8 43. Ne4+ Kg7 44. Ng5 e5 45. Rd1 exd4 46. Rxe7+ Rxe7
47. Rxd4 Ne5 48. Rxf4 Kg6 49. Re4 Kxg5 50. f4+ Kf5 51. Rxe5+ Rxe5 52. fxe5 Kxe5
53. Kf1 Kd4 54. Bb3 Ke3 55. Ke1 h4 56. Bd1 h3 57. Bf3 h2 0-1

[Event "MMaS_2014_U10"]
[Site "?"]
[Date "2014.10.28"]
[Round "8.1"]
[White "Vantuch, Lucian"]
[Black "Fikejs, Lukas"]
[Result "1-0"]
[WhiteElo "1614"]
[BlackElo "1112"]
[PlyCount "43"]
[EventDate "2014.??.??"]

1. e4 c5 2. d4 cxd4 3. c3 dxc3 4. Nxc3 Nf6 5. Nf3 Nc6 6. Bc4 e6 7. O-O Bb4 8.
Qe2 O-O 9. Bg5 h6 10. Bh4 Bxc3 11. bxc3 b6 12. e5 g5 13. Nxg5 Ne8 14. Nf3 Qc7
15. Qe4 f5 16. exf6 Nxf6 17. Qg6+ Kh8 18. Bxf6+ Rxf6 19. Qxf6+ Kh7 20. Qf7+ Kh8
21. Bd3 d5 22. Qf8# 1-0

[Event "MMaS_2014_U10"]
[Site "?"]
[Date "2014.10.28"]
[Round "8.2"]
[White "Babula, Vlastimil"]
[Black "Kolar, Jan"]
[Result "0-1"]
[WhiteElo "1238"]
[BlackElo "1274"]
[PlyCount "66"]
[EventDate "2014.??.??"]

1. e4 e5 2. Nf3 Nc6 3. Bc4 Bc5 4. c3 Nf6 5. d4 exd4 6. cxd4 Bb6 7. Bg5 h6 8.
Bxf6 Qxf6 9. Ne5 Nxe5 10. O-O Nxc4 11. e5 Qg6 12. Qb3 Na5 13. Qa3 Bxd4 14. Nc3
Bxc3 15. bxc3 Nc6 16. f4 Ne7 17. Rae1 Qb6+ 18. Kh1 c5 19. Qc1 O-O 20. f5 Qc6
21. c4 b6 22. Re2 Ba6 23. f6 Ng6 24. Ref2 Nxe5 25. Rf4 Nd3 26. Qd2 Nxf4 27.
Rxf4 g6 28. h3 Kh7 29. Rh4 h5 30. Qg5 Kg8 31. Qh6 Qxf6 32. Rxh5 Qa1+ 33. Kh2
gxh5 0-1

[Event "MMaS_2014_U10"]
[Site "?"]
[Date "2014.10.28"]
[Round "8.3"]
[White "Richter, Rudolf"]
[Black "Frank, Adam"]
[Result "0-1"]
[WhiteElo "1108"]
[BlackElo "1510"]
[PlyCount "36"]
[EventDate "2014.10.25"]

1. e4 e5 2. Nf3 Nc6 3. Nc3 Nf6 4. Bc4 Bb4 5. Nd5 Bc5 6. d3 d6 7. Bg5 Bg4 8.
Bxf6 gxf6 9. h3 Be6 10. O-O Bxd5 11. Bxd5 Qd7 12. Qd2 O-O-O 13. Rad1 Rhg8 14.
Qh6 Rg6 15. Qxh7 Rdg8 16. Nh4 Qxh3 17. g3 Rxg3+ 18. Ng2 Rxg2# 0-1

[Event "MMaS_2014_U10"]
[Site "?"]
[Date "2014.10.28"]
[Round "8.4"]
[White "Blaha, Lukas"]
[Black "Ruzickova, Ema"]
[Result "1-0"]
[WhiteElo "1113"]
[BlackElo "1094"]
[PlyCount "129"]
[EventDate "2014.10.25"]

1. e4 e5 2. Nf3 Nc6 3. Nc3 Nf6 4. Bb5 Bb4 5. O-O O-O 6. d3 d6 7. Bg5 Bxc3 8.
bxc3 Bg4 9. Bxc6 bxc6 10. h3 Bh5 11. Re1 Re8 12. d4 h6 13. Bh4 Re6 14. d5 cxd5
15. exd5 Re8 16. Re3 e4 17. g4 exf3 18. gxh5 Rxe3 19. fxe3 f2+ 20. Bxf2 Qd7 21.
Qf3 Re8 22. Kh2 Re5 23. Rg1 Rxh5 24. h4 Rf5 25. Qg3 Rxf2+ 26. Qxf2 Ng4+ 27.
Rxg4 Qxg4 28. Qe1 Qe4 29. a3 Qxd5 30. Qb1 Qe5+ 31. Kh1 Qe4+ 32. Kg1 Qxe3+ 33.
Kh2 f5 34. Qb8+ Kh7 35. Qxc7 f4 36. Qxd6 Qg3+ 37. Kh1 Qxh4+ 38. Kg1 f3 39. Qd3+
Kg8 40. Qxf3 Qg5+ 41. Kf1 Qc1+ 42. Kg2 Qxc2+ 43. Kg3 Qb3 44. Qa8+ Kh7 45. Qe4+
g6 46. Qe7+ Kg8 47. Qe8+ Kg7 48. Qe5+ Kf7 49. Qf4+ Kg7 50. Qe5+ Kf7 51. Qf4+
Ke6 52. Qe4+ Kd6 53. Qxg6+ Kd5 54. Qf7+ Ke5 55. Qxb3 Kf5 56. Qd5+ Kg6 57. c4 h5
58. c5 Kh6 59. c6 a5 60. c7 h4+ 61. Kxh4 Kg6 62. c8=Q a4 63. Qce6+ Kg7 64.
Qdd7+ Kf8 65. Qef7# 1-0

[Event "MMaS_2014_U10"]
[Site "?"]
[Date "2014.10.28"]
[Round "8.5"]
[White "Habinova, Alice"]
[Black "Faja, Vilém"]
[Result "0-1"]
[WhiteElo "1124"]
[BlackElo "1386"]
[PlyCount "70"]
[EventDate "2014.10.25"]

1. e4 c5 2. Nf3 d6 3. d4 cxd4 4. Nxd4 Nf6 5. Nc3 a6 6. Be2 e6 7. O-O Be7 8. Be3
O-O 9. f4 Nc6 10. Bf3 e5 11. Nb3 Be6 12. Qd2 Bg4 13. h3 Bxf3 14. Rxf3 Rc8 15.
Kh1 Qd7 16. Rff1 Nh5 17. g4 Ng3+ 18. Kh2 Nxf1+ 19. Rxf1 f6 20. Nc5 Qe8 21. Nxb7
Rb8 22. Nxd6 Bxd6 23. Qxd6 Rxb2 24. Bc5 Rxc2+ 25. Ne2 Rxe2+ 26. Kg1 Rxe4 27.
Qd5+ Qf7 28. Qxe4 Rc8 29. a3 Qb3 30. Qe2 Qg3+ 31. Kh1 Qxh3+ 32. Kg1 exf4 33.
Qxa6 Qxg4+ 34. Kh1 Ne5 35. Rg1 Qh3# 0-1

[Event "MMaS_2014_U10"]
[Site "?"]
[Date "2014.10.28"]
[Round "8.6"]
[White "Vavra, Jan  "]
[Black "Nezval, Filip"]
[Result "0-1"]
[WhiteElo "1440"]
[BlackElo "1099"]
[PlyCount "98"]
[EventDate "2014.10.25"]

1. e4 c5 2. Nf3 d6 3. Bc4 Nf6 4. Nc3 Nc6 5. d4 cxd4 6. Nxd4 g6 7. Be3 Bg7 8.
Qd2 e6 9. O-O-O O-O 10. Nxc6 bxc6 11. Qxd6 Qxd6 12. Rxd6 Bb7 13. Rhd1 c5 14. f3
Rfc8 15. Na4 Rcb8 16. Bxc5 Bxe4 17. fxe4 Nxe4 18. Rc6 Rc8 19. b4 a5 20. Re1
Nxc5 21. Rxc8+ Rxc8 22. bxc5 Rc7 23. a3 Bh6+ 24. Kd1 Rc8 25. Bd3 Kg7 26. Re4
Kf6 27. Ke2 Rc6 28. Rc4 Ke5 29. Nb6 Rc7 30. Rc3 Bf8 31. c6 f5 32. Na8 Ra7 33.
c7 Rxa8 34. c8=Q Rxc8 35. Rxc8 Bxa3 36. c4 Bb4 37. c5 a4 38. c6 Kd6 39. Rc7 h6
40. Rb7 a3 41. c7 a2 42. Ra7 a1=Q 43. c8=Q Qe1+ 44. Kf3 Qd1+ 45. Be2 Qd5+ 46.
Kf2 Qd4+ 47. Kf1 Qf4+ 48. Bf3 Qc1+ 49. Kf2 Qxc8 0-1

[Event "MMaS_2014_U10"]
[Site "?"]
[Date "2014.10.28"]
[Round "8.7"]
[White "Vecera, Dominik"]
[Black "Dudová, Pavlina"]
[Result "1-0"]
[WhiteElo "1287"]
[BlackElo "1088"]
[PlyCount "89"]
[EventDate "2014.10.25"]

1. e4 e5 2. f4 exf4 3. Nf3 d5 4. exd5 Nf6 5. c4 Bg4 6. Be2 Bd6 7. O-O O-O 8.
Nc3 Nbd7 9. b3 Re8 10. Re1 Ne5 11. d3 Nxf3+ 12. Bxf3 Rxe1+ 13. Qxe1 Bxf3 14.
gxf3 Bc5+ 15. Kh1 Qd7 16. Bxf4 Re8 17. Qg3 Nh5 18. Qh4 Nxf4 19. Qxf4 Qh3 20.
Ne4 Bd6 21. Nxd6 cxd6 22. Rg1 Re2 23. a4 Rf2 24. Qg3 Qxg3 25. Rxg3 Rb2 26. c5
dxc5 27. d6 Kf8 28. Rg5 Ke8 29. Rxg7 Kd7 30. Rxh7 Kxd6 31. Rxf7 Ke5 32. h4 Kd4
33. Rg7 Ke3 34. h5 Kxf3 35. h6 Rb1+ 36. Rg1 Rxb3 37. h7 Rxd3 38. h8=Q Kf2 39.
Rg2+ Kf3 40. Qh3+ Ke4 41. Rg4+ Ke5 42. Qh5+ Kd6 43. Rg6+ Ke7 44. Qh7+ Ke8 45.
Rg8# 1-0

[Event "MMaS_2014_U10"]
[Site "?"]
[Date "2014.10.28"]
[Round "8.8"]
[White "Gres, Michal"]
[Black "Fizer, Marek"]
[Result "1-0"]
[WhiteElo "1092"]
[BlackElo "1135"]
[Annotator "Doe,John"]
[PlyCount "30"]
[EventDate "2014.10.25"]

1. e4 e6 2. d4 d5 3. exd5 exd5 4. Nc3 c6 5. Be3 Bd6 6. Nf3 Ne7 7. Bd3 Be6 8.
Qe2 O-O 9. O-O-O b5 10. Qd2 Nd7 11. Rdg1 Bf5 12. Bxf5 Nxf5 13. g4 Nxe3 14. Qxe3
Qc7 15. g5 Bf4 {Dále neèitelný zápis.} 1-0

[Event "MMaS_2014_U10"]
[Site "?"]
[Date "2014.10.28"]
[Round "8.9"]
[White "Reznicek, Stepan"]
[Black "Bastincova, Hana"]
[Result "0-1"]
[WhiteElo "1130"]
[BlackElo "1016"]
[PlyCount "74"]
[EventDate "2014.10.25"]

1. e4 e5 2. Nf3 Nc6 3. Bc4 Bc5 4. Nc3 Nf6 5. d3 d6 6. Bg5 Be6 7. Bb3 O-O 8. O-O
Re8 9. Nd5 Bxd5 10. Bxd5 h6 11. Bh4 Rb8 12. Re1 Nb4 13. c3 Nbxd5 14. exd5 c6
15. dxc6 bxc6 16. b4 Bb6 17. Qd2 a5 18. a3 c5 19. b5 Ba7 20. a4 Qe7 21. h3 d5
22. Rxe5 Qd6 23. Qf4 Rxe5 24. Nxe5 Re8 25. Re1 Bb8 26. Bg3 Re7 27. Qf5 g6 28.
Qf4 Kg7 29. Kh2 Nd7 30. Nf3 Qxf4 31. Bxf4 Bxf4+ 32. g3 Be5 33. d4 cxd4 34. cxd4
Bd6 35. Ne5 Nxe5 36. dxe5 Bxe5 37. f4 Bf6 0-1

[Event "MMaS_2014_U10"]
[Site "?"]
[Date "2014.10.28"]
[Round "8.10"]
[White "Vankova, Marie"]
[Black "Nedela, Adam"]
[Result "0-1"]
[WhiteElo "1000"]
[BlackElo "1122"]
[PlyCount "40"]
[EventDate "2014.10.25"]

1. e4 c5 2. Nf3 Nc6 3. d4 cxd4 4. Nxd4 g6 5. Nc3 Bg7 6. Be3 Nf6 7. Bb5 O-O 8.
O-O d5 9. Qd3 dxe4 10. Nxe4 Nxe4 11. Qxe4 Nxd4 12. Bxd4 Bxd4 13. Rfd1 Bxf2+ 14.
Kxf2 Qb6+ 15. Kf1 Qxb5+ 16. Ke1 Bf5 17. Qxe7 Rfe8 18. b3 Rxe7+ 19. Kd2 Qe2+ 20.
Kc1 Qxc2# 0-1

[Event "MMaS_2014_U12"]
[Site "?"]
[Date "2014.10.28"]
[Round "7.1"]
[White "Mica, Marek"]
[Black "Hrabal, Matej"]
[Result "1-0"]
[WhiteElo "1582"]
[BlackElo "1498"]
[PlyCount "38"]
[EventDate "2014.??.??"]

1. d4 d5 2. c4 e6 3. Nc3 Nf6 4. Nf3 b6 5. Bg5 Be7 6. e3 h6 7. Bh4 Bb7 8. cxd5
exd5 9. Be2 c5 10. O-O O-O 11. Rc1 Nbd7 12. Qc2 Rc8 13. Rfd1 Qc7 14. dxc5 bxc5
15. Bg3 Bd6 16. Nb5 Qc6 17. Nxd6 Rcd8 18. Nxb7 Qxb7 19. Ne5 Nb8 1-0

[Event "MMaS_2014_U12"]
[Site "?"]
[Date "2014.10.28"]
[Round "7.2"]
[White "Krejcok, Tobias"]
[Black "Ocko, Dominik"]
[Result "1/2-1/2"]
[WhiteElo "1594"]
[BlackElo "1561"]
[PlyCount "102"]
[EventDate "2014.??.??"]

1. e4 c5 2. Nf3 d6 3. d4 cxd4 4. Nxd4 Nf6 5. Nc3 a6 6. Be3 e5 7. Nb3 Be7 8. f3
Be6 9. Qd2 O-O 10. O-O-O a5 11. Bb5 Na6 12. Kb1 Nc7 13. Bb6 Qb8 14. Bxc7 Qxc7
15. Nc1 Rfc8 16. g4 Qc5 17. h4 Nd7 18. Bxd7 Bxd7 19. Nd5 Bd8 20. g5 Be6 21. c3
b5 22. Nf6+ Kh8 23. h5 gxf6 24. g6 Be7 25. Qh6 fxg6 26. hxg6 Kg8 27. Qxh7+ Kf8
28. g7+ Ke8 29. g8=Q+ Bxg8 30. Qxg8+ Kd7 31. Qg4+ Kc7 32. Qe6 Re8 33. Rh7 Kd8
34. Rdh1 Qc4 35. Qf5 Ra7 36. Rh8 Qf7 37. R1h7 Qc4 38. b3 Qc6 39. Qh5 Rc7 40.
Qh6 Qxc3 41. Rxe8+ Kxe8 42. Rh8+ Kd7 43. Qh3+ Kc6 44. Rc8 Kb7 45. Rxc7+ Kxc7
46. Qe6 Kd8 47. Qd5 Qxf3 48. Qa8+ Kd7 49. Qb7+ Ke8 50. Qxb5+ Kf8 51. Qc4 Kg7
1/2-1/2

[Event "MMaS_2014_U12"]
[Site "?"]
[Date "2014.10.28"]
[Round "7.3"]
[White "Szotkowski, David"]
[Black "Richterová, Julie"]
[Result "1-0"]
[WhiteElo "1532"]
[BlackElo "1564"]
[PlyCount "87"]
[EventDate "2014.10.25"]

1. c4 e5 2. Nc3 Bb4 3. g3 Bxc3 4. bxc3 Nf6 5. Bg2 Nc6 6. Nf3 d6 7. d3 h6 8. O-O
O-O 9. Rb1 Rb8 10. Qc2 Be6 11. Ba3 Re8 12. Rfd1 Qd7 13. Rd2 Bf5 14. e4 Be6 15.
Nh4 g6 16. Rf1 Ng4 17. h3 Nf6 18. Kh2 g5 19. Nf3 Kg7 20. Re2 a6 21. Qd2 Rg8 22.
Nxg5 Ne7 23. Nxe6+ Qxe6 24. f4 Nc6 25. f5 Qe7 26. g4 Nh7 27. Rg1 f6 28. h4 Qf8
29. Bc1 Kf7 30. Bf3 Qd8 31. Qxh6 Rg7 32. g5 fxg5 33. Bh5+ Kg8 34. Bxg5 Nxg5 35.
Rxg5 Rxg5 36. Qxg5+ Qxg5 37. hxg5 Rf8 38. f6 Nd8 39. Kg3 Ne6 40. Kg4 Nf4 41.
Rd2 Kh8 42. d4 Ne6 43. dxe5 dxe5 44. Rd5 1-0

[Event "MMaS_2014_U12"]
[Site "?"]
[Date "2014.10.28"]
[Round "7.4"]
[White "Kureš, Michael"]
[Black "Nìmec, David"]
[Result "1-0"]
[WhiteElo "1486"]
[BlackElo "1559"]
[PlyCount "115"]
[EventDate "2014.10.25"]

1. f4 d5 2. Nf3 g6 3. e3 Bg7 4. Nc3 a6 5. a4 Nc6 6. Be2 d4 7. Ne4 Nf6 8. Nxf6+
Bxf6 9. O-O O-O 10. e4 e5 11. fxe5 Nxe5 12. d3 Bg7 13. Nxe5 Bxe5 14. Bh6 Re8
15. g3 Bh3 16. Rf2 Qd6 17. Bf4 Bxf4 18. Rxf4 Be6 19. Bg4 Qb4 20. Bxe6 Rxe6 21.
b3 Qc3 22. Rc1 Rae8 23. Qf1 f5 24. Qe2 fxe4 25. dxe4 Qe3+ 26. Qxe3 dxe3 27. Re1
Rxe4 28. Rxe4 Rxe4 29. Kg2 Re6 30. Kf3 Rc6 31. c4 Rf6+ 32. Kxe3 Re6+ 33. Kd2
Rxe1 34. Kxe1 Kf7 35. Ke2 Ke6 36. Ke3 Ke5 37. b4 b6 38. b5 a5 39. h3 g5 40. h4
gxh4 41. gxh4 h5 42. Kd3 Kd6 43. Ke4 Kc5 44. Kf5 Kxc4 45. Kg5 Kb4 46. Kxh5 Kxa4
47. Kg4 Kxb5 48. h5 c5 49. h6 c4 50. h7 Kb4 51. h8=Q a4 52. Qb2+ Kc5 53. Kf5 b5
54. Ke5 b4 55. Ke4 b3 56. Qa3+ Kb5 57. Kd4 Ka5 58. Kxc4 1-0

[Event "MMaS_2014_U12"]
[Site "?"]
[Date "2014.10.28"]
[Round "7.5"]
[White "Dvoøáková, Olga"]
[Black "Petøíèek, Lukáš"]
[Result "0-1"]
[WhiteElo "1510"]
[BlackElo "1128"]
[PlyCount "94"]
[EventDate "2014.10.25"]

1. e4 c5 2. Nf3 e6 3. d4 cxd4 4. Nxd4 Nc6 5. Nxc6 bxc6 6. Nc3 Qc7 7. a3 Nf6 8.
f4 d5 9. Qd3 Bb7 10. e5 Nd7 11. Qe2 Be7 12. Bd2 O-O 13. g3 c5 14. Bg2 d4 15.
Ne4 f5 16. exf6 Nxf6 17. O-O Qb6 18. Nxf6+ Bxf6 19. Bxb7 Qxb7 20. Qxe6+ Kh8 21.
Rab1 Rae8 22. Qc4 Qc6 23. Rbe1 Rxe1 24. Bxe1 Re8 25. Qd3 Qe4 26. Bf2 Qxd3 27.
cxd3 Re2 28. Re1 Rxe1+ 29. Bxe1 Kg8 30. Kf2 Kf7 31. Kf3 Ke6 32. Ke4 Kd6 33. b4
cxb4 34. axb4 Kc6 35. g4 Kb5 36. g5 Be7 37. Kxd4 Bxb4 38. Bxb4 Kxb4 39. Ke4 a5
40. d4 Kc4 41. f5 a4 42. d5 Kc5 43. f6 gxf6 44. gxf6 Kd6 45. f7 Ke7 46. d6+
Kxf7 47. d7 Ke7 0-1

[Event "MMaS_2014_U12"]
[Site "?"]
[Date "2014.10.28"]
[Round "7.6"]
[White "Demko, Robert"]
[Black "Blaha, Marek"]
[Result "1-0"]
[WhiteElo "1665"]
[BlackElo "1435"]
[PlyCount "55"]
[EventDate "2014.10.25"]

1. d4 d5 2. c4 dxc4 3. Nf3 Nf6 4. Nc3 Bf5 5. e3 e6 6. Bxc4 Nbd7 7. O-O Bd6 8.
Re1 O-O 9. e4 Bxh2+ 10. Nxh2 Bg6 11. Bg5 e5 12. d5 h6 13. Bh4 a6 14. Ng4 b5 15.
Bb3 Bh5 16. Nxf6+ Nxf6 17. Bxf6 Bxd1 18. Bxd8 Bxb3 19. Bh4 g5 20. Bg3 Bc2 21.
Rac1 Bd3 22. Red1 Bxe4 23. Nxe4 f5 24. Nc3 f4 25. Bh2 Rf7 26. d6 c5 27. Rd5 b4
28. Ne4 1-0

[Event "MMaS_2014_U12"]
[Site "?"]
[Date "2014.10.28"]
[Round "7.7"]
[White "Kopec, Ladislav"]
[Black "Matùš, Filip"]
[Result "1-0"]
[WhiteElo "1484"]
[BlackElo "1329"]
[PlyCount "127"]
[EventDate "2014.10.25"]

1. e4 e5 2. Nf3 Nc6 3. Bb5 a6 4. Ba4 b5 5. Bb3 Nf6 6. O-O h6 7. Re1 Bc5 8. d3
d6 9. h3 O-O 10. Nbd2 Be6 11. Nf1 Bxb3 12. axb3 Re8 13. Ng3 Ne7 14. Be3 Bb6 15.
Nh4 Bxe3 16. fxe3 Ng6 17. Nhf5 Qd7 18. Rf1 c6 19. Nxh6+ gxh6 20. Rxf6 Re6 21.
Nh5 Qe7 22. Rf2 Qg5 23. Qe2 Rf8 24. Raf1 Qd8 25. Qd2 Qg5 26. Qe2 Nh4 27. Qg4
Qxg4 28. hxg4 Ng6 29. Nf6+ Kg7 30. Nd7 Rd8 31. Rxf7+ Kg8 32. R1f6 Rxf6 33. Rxf6
Rxd7 34. Rxg6+ Kh7 35. Re6 a5 36. Re8 Kg6 37. Ra8 a4 38. bxa4 bxa4 39. Rxa4 Kg5
40. Rc4 c5 41. d4 cxd4 42. exd4 exd4 43. Rxd4 Kxg4 44. e5+ Kf5 45. exd6 Ke6 46.
Kf2 Rf7+ 47. Ke3 Kd7 48. c4 Rf5 49. b4 Rf7 50. c5 Rg7 51. Kf3 Rf7+ 52. Rf4 Rg7
53. g4 Rh7 54. Rf5 Rg7 55. Kf4 Rh7 56. b5 Rg7 57. Rf6 Rh7 58. c6+ Ke8 59. Re6+
Kd8 60. Re7 Rxe7 61. dxe7+ Kxe7 62. c7 Kd7 63. b6 Kc8 64. Ke5 1-0

[Event "MMaS_2014_U12"]
[Site "?"]
[Date "2014.10.28"]
[Round "7.8"]
[White "Zavadil, Matyas"]
[Black "Tajovsky, Matej"]
[Result "1-0"]
[WhiteElo "1613"]
[BlackElo "1407"]
[PlyCount "121"]
[EventDate "2014.10.25"]

1. d4 d5 2. Nf3 Nf6 3. e3 e6 4. Bd3 a6 5. Ne5 Nbd7 6. f4 c5 7. b3 b5 8. c4 b4
9. O-O Bb7 10. Bb2 Be7 11. Nd2 Nb6 12. Rc1 Rc8 13. Qe2 O-O 14. Rfd1 a5 15. a4
bxa3 16. Bxa3 cxd4 17. Bxe7 Qxe7 18. exd4 Nbd7 19. Ra1 Ra8 20. c5 Nxe5 21. fxe5
Nd7 22. Rdb1 Rfb8 23. Kh1 Bc6 24. Ra3 h6 25. Rba1 Qd8 26. Nf3 Rb4 27. h3 Qc7
28. Bc2 Nf8 29. Qd3 Bb5 30. Qd2 Bc6 31. Qd3 Bb5 32. Qe3 Bc6 33. g4 Nh7 34. h4
Qd8 35. g5 hxg5 36. hxg5 Nf8 37. Rg1 Ng6 38. Rg3 Kf8 39. Bxg6 fxg6 40. Nh4 Qe8
41. Qd3 Ke7 42. Nxg6+ Kd8 43. Rf3 Rxd4 44. Qxd4 Qxg6 45. b4 Qh5+ 46. Rh3 Qxg5
47. Qh4 Qxh4 48. Rxh4 Ke7 49. bxa5 Rd8 50. Rd4 Kf7 51. Kg2 Kg6 52. Rg4+ Kf5 53.
Rxg7 d4+ 54. Kf2 Kxe5 55. Ke1 Kd5 56. Rgg3 e5 57. a6 e4 58. Rgb3 Kxc5 59. a7 d3
60. Rc3+ Kd5 61. Rxd3+ 1-0